<?xml version="1.0" encoding="UTF-8"?>
<record
    xmlns:xsi="http://www.w3.org/2001/XMLSchema-instance"
    xsi:schemaLocation="http://www.loc.gov/MARC21/slim http://www.loc.gov/standards/marcxml/schema/MARC21slim.xsd"
    xmlns="http://www.loc.gov/MARC21/slim">

  <leader>00540nam a22001817a 4500</leader>
  <controlfield tag="005">20231128151400.0</controlfield>
  <controlfield tag="008">231128b        |||||||| |||| 00| 0 eng d</controlfield>
  <datafield tag="020" ind1=" " ind2=" ">
    <subfield code="a">9788180904035</subfield>
  </datafield>
  <datafield tag="041" ind1=" " ind2=" ">
    <subfield code="a">Eng.</subfield>
  </datafield>
  <datafield tag="082" ind1=" " ind2=" ">
    <subfield code="a">712.36</subfield>
    <subfield code="b">KHW</subfield>
  </datafield>
  <datafield tag="100" ind1=" " ind2=" ">
    <subfield code="a">Khwaja G.</subfield>
    <subfield code="9">205343</subfield>
  </datafield>
  <datafield tag="245" ind1=" " ind2=" ">
    <subfield code="a">The Mughal Gardens</subfield>
  </datafield>
  <datafield tag="260" ind1=" " ind2=" ">
    <subfield code="a">Delhi </subfield>
    <subfield code="b">Bharatiya Kala Prakashan</subfield>
    <subfield code="c">2018</subfield>
  </datafield>
  <datafield tag="300" ind1=" " ind2=" ">
    <subfield code="a">104p</subfield>
    <subfield code="b">HB</subfield>
    <subfield code="c">27 x 21 cm</subfield>
  </datafield>
  <datafield tag="365" ind1=" " ind2=" ">
    <subfield code="a">INR</subfield>
    <subfield code="b">4000.00</subfield>
    <subfield code="c">Rupaye</subfield>
  </datafield>
  <datafield tag="500" ind1=" " ind2=" ">
    <subfield code="a">1) Preface 
2) Acknowledgement
3) List of Figures
4) List of Plates
5) Introduction </subfield>
  </datafield>
  <datafield tag="942" ind1=" " ind2=" ">
    <subfield code="c">BK</subfield>
  </datafield>
  <datafield tag="999" ind1=" " ind2=" ">
    <subfield code="c">356587</subfield>
    <subfield code="d">356587</subfield>
  </datafield>
  <datafield tag="952" ind1=" " ind2=" ">
    <subfield code="0">0</subfield>
    <subfield code="1">0</subfield>
    <subfield code="2">ddc</subfield>
    <subfield code="4">0</subfield>
    <subfield code="7">0</subfield>
    <subfield code="8">Book M arch LA</subfield>
    <subfield code="a">BNCA</subfield>
    <subfield code="b">BNCA</subfield>
    <subfield code="d">2023-11-28</subfield>
    <subfield code="e">Metro Books</subfield>
    <subfield code="f">M.Arch Lan</subfield>
    <subfield code="g">2520.00</subfield>
    <subfield code="i">2437</subfield>
    <subfield code="l">1</subfield>
    <subfield code="o">712.36 KHW</subfield>
    <subfield code="p">BNCA-BK-12430</subfield>
    <subfield code="r">2024-07-29 00:00:00</subfield>
    <subfield code="s">2024-07-24</subfield>
    <subfield code="t">37%</subfield>
    <subfield code="v">4000.00</subfield>
    <subfield code="w">2023-11-02</subfield>
    <subfield code="y">RF</subfield>
  </datafield>
</record>
